00625nam a2200205Ia 4500003000400000008004100004040001600045082002200061100002600083245004100109260003600150300000900186490003300195650001900228650001500247650002600262942001200288999001700300952010200317GCL140319s9999 xx 000 0 ara d aGCL / cGCL04aطb372.64bد ص1 aدار المعارف10aميراث / cدار المعارف a[S.N] : bدار المعارف a8 ص aالصغير الحكيمv004aالاطفال04aالقصص04aقصص الاطفال 2ddccBK c57358d57358 00104070aCAIbCAId2014-03-26l0oط\372.64\د صp145286r2014-03-26 00:00:00w2014-03-26yBK